000 00620nam a2200193Ia 4500
005 20250508161529.0
008 008 250505s9999 xx 000 0 eng d
037 _aTextual
040 _aFEDL
_beng
_cFEDL
041 _aeng
_2eng
084 _a372.83, NCE
_qFEDL
245 0 _aTeaching social studies : A draft syllabus for elementary teacher training institutions
245 0 _cNCERT
260 _aNew Delhi, India
_bNational Council of Educational Research and Training
_c1969
300 _axi,112p
650 _aElementary Education
942 _cTEXL
_h372.83, NCE
999 _c1370566
_d1370566